<?xml version="1.0" encoding="UTF-8"?>
<record
    xmlns:xsi="http://www.w3.org/2001/XMLSchema-instance"
    xsi:schemaLocation="http://www.loc.gov/MARC21/slim http://www.loc.gov/standards/marcxml/schema/MARC21slim.xsd"
    xmlns="http://www.loc.gov/MARC21/slim">

  <leader>00730nam a2200241 a 4500</leader>
  <controlfield tag="008">140410s2002    ag ||||| |||| 00| 0 spa d</controlfield>
  <datafield tag="020" ind1=" " ind2=" ">
    <subfield code="a">9500204037</subfield>
  </datafield>
  <datafield tag="041" ind1=" " ind2=" ">
    <subfield code="a">spa</subfield>
  </datafield>
  <datafield tag="092" ind1=" " ind2=" ">
    <subfield code="c">616.2</subfield>
    <subfield code="l">30</subfield>
    <subfield code="s">GOR</subfield>
  </datafield>
  <datafield tag="100" ind1="1" ind2=" ">
    <subfield code="a">Gorrini, Vicente C.</subfield>
    <subfield code="9">2895</subfield>
  </datafield>
  <datafield tag="245" ind1=" " ind2=" ">
    <subfield code="a">Otorrinolaringolog&#xED;a en esquemas /</subfield>
    <subfield code="c">Vicente C. Gorrini</subfield>
  </datafield>
  <datafield tag="250" ind1=" " ind2=" ">
    <subfield code="a">2a ed.</subfield>
  </datafield>
  <datafield tag="260" ind1=" " ind2=" ">
    <subfield code="a">Buenos Aires:</subfield>
    <subfield code="b">El Ateneo;</subfield>
    <subfield code="c">2002.</subfield>
  </datafield>
  <datafield tag="300" ind1=" " ind2=" ">
    <subfield code="a">159 p.</subfield>
  </datafield>
  <datafield tag="500" ind1=" " ind2=" ">
    <subfield code="a">Gorrini, V. C. (2002). Otorrinolaringolog&#xED;a en esquemas. (2a ed.). Buenos Aires : El Ateneo.</subfield>
  </datafield>
  <datafield tag="653" ind1=" " ind2=" ">
    <subfield code="a">Otorrinolaringologia</subfield>
  </datafield>
  <datafield tag="653" ind1=" " ind2=" ">
    <subfield code="a">Farige</subfield>
  </datafield>
  <datafield tag="653" ind1=" " ind2=" ">
    <subfield code="a">Fosas nasales y senos paranasales</subfield>
  </datafield>
  <datafield tag="653" ind1=" " ind2=" ">
    <subfield code="a">Laringe</subfield>
  </datafield>
  <datafield tag="653" ind1=" " ind2=" ">
    <subfield code="a">Oido</subfield>
  </datafield>
  <datafield tag="653" ind1=" " ind2=" ">
    <subfield code="a">Sistema vestibular y equilibrio</subfield>
  </datafield>
  <datafield tag="942" ind1=" " ind2=" ">
    <subfield code="2">ddc</subfield>
    <subfield code="c">BK</subfield>
  </datafield>
  <datafield tag="999" ind1=" " ind2=" ">
    <subfield code="c">2085</subfield>
    <subfield code="d">2085</subfield>
  </datafield>
  <datafield tag="952" ind1=" " ind2=" ">
    <subfield code="0">0</subfield>
    <subfield code="1">0</subfield>
    <subfield code="2">ddc</subfield>
    <subfield code="4">0</subfield>
    <subfield code="7">0</subfield>
    <subfield code="8">NFIC</subfield>
    <subfield code="a">BFM</subfield>
    <subfield code="b">BFM</subfield>
    <subfield code="c">CR</subfield>
    <subfield code="d">2014-04-10</subfield>
    <subfield code="e">PROMED</subfield>
    <subfield code="g">85.00</subfield>
    <subfield code="l">30</subfield>
    <subfield code="m">7</subfield>
    <subfield code="o">616.2 30 GOR</subfield>
    <subfield code="p">3270</subfield>
    <subfield code="r">2022-05-26</subfield>
    <subfield code="s">2022-05-19</subfield>
    <subfield code="t">Ej. 1</subfield>
    <subfield code="w">2014-04-10</subfield>
    <subfield code="y">BK</subfield>
    <subfield code="z">Compra PROMED 3er a&#xF1;o Abr/2014</subfield>
  </datafield>
  <datafield tag="952" ind1=" " ind2=" ">
    <subfield code="0">0</subfield>
    <subfield code="1">0</subfield>
    <subfield code="2">ddc</subfield>
    <subfield code="4">0</subfield>
    <subfield code="7">0</subfield>
    <subfield code="8">NFIC</subfield>
    <subfield code="a">BFM</subfield>
    <subfield code="b">BFM</subfield>
    <subfield code="c">CR</subfield>
    <subfield code="d">2014-04-10</subfield>
    <subfield code="e">PROMED</subfield>
    <subfield code="g">85.00</subfield>
    <subfield code="l">28</subfield>
    <subfield code="m">8</subfield>
    <subfield code="o">616.2 30 GOR</subfield>
    <subfield code="p">3271</subfield>
    <subfield code="r">2018-03-28</subfield>
    <subfield code="s">2018-03-26</subfield>
    <subfield code="t">Ej. 2</subfield>
    <subfield code="w">2014-04-10</subfield>
    <subfield code="y">BK</subfield>
    <subfield code="z">Compra PROMED 3er a&#xF1;o Abr/2014</subfield>
  </datafield>
  <datafield tag="952" ind1=" " ind2=" ">
    <subfield code="0">0</subfield>
    <subfield code="1">0</subfield>
    <subfield code="2">ddc</subfield>
    <subfield code="4">0</subfield>
    <subfield code="7">0</subfield>
    <subfield code="8">NFIC</subfield>
    <subfield code="a">BFM</subfield>
    <subfield code="b">BFM</subfield>
    <subfield code="c">CR</subfield>
    <subfield code="d">2014-04-10</subfield>
    <subfield code="e">PROMED</subfield>
    <subfield code="g">85.00</subfield>
    <subfield code="l">42</subfield>
    <subfield code="m">12</subfield>
    <subfield code="o">616.2 30 GOR</subfield>
    <subfield code="p">3272</subfield>
    <subfield code="r">2019-11-22</subfield>
    <subfield code="s">2019-11-19</subfield>
    <subfield code="t">Ej. 3</subfield>
    <subfield code="w">2014-04-10</subfield>
    <subfield code="y">BK</subfield>
    <subfield code="z">Compra PROMED 3er a&#xF1;o Abr/2014. Ejemplar reemplazado por Gardere Camila, Agosto 2017.</subfield>
  </datafield>
  <datafield tag="952" ind1=" " ind2=" ">
    <subfield code="0">0</subfield>
    <subfield code="1">0</subfield>
    <subfield code="2">ddc</subfield>
    <subfield code="4">0</subfield>
    <subfield code="7">0</subfield>
    <subfield code="8">REF</subfield>
    <subfield code="a">BFM</subfield>
    <subfield code="b">BFM</subfield>
    <subfield code="c">REF</subfield>
    <subfield code="d">2014-04-10</subfield>
    <subfield code="e">PROMED</subfield>
    <subfield code="g">85.00</subfield>
    <subfield code="l">2</subfield>
    <subfield code="o">616.2 30 GOR</subfield>
    <subfield code="p">3275</subfield>
    <subfield code="r">2014-11-06</subfield>
    <subfield code="s">2014-10-07</subfield>
    <subfield code="t">Ej. 4</subfield>
    <subfield code="w">2014-04-10</subfield>
    <subfield code="y">REF</subfield>
    <subfield code="z">Compra PROMED 3er a&#xF1;o Abr/2014 LIBRO DE CONSULTA</subfield>
  </datafield>
  <datafield tag="952" ind1=" " ind2=" ">
    <subfield code="0">0</subfield>
    <subfield code="1">0</subfield>
    <subfield code="2">ddc</subfield>
    <subfield code="4">0</subfield>
    <subfield code="7">0</subfield>
    <subfield code="a">BFM</subfield>
    <subfield code="b">BFM</subfield>
    <subfield code="c">CR</subfield>
    <subfield code="d">2017-08-10</subfield>
    <subfield code="e">Donaci&#xF3;n Blas Cifuentes, Agosto 2017.</subfield>
    <subfield code="l">11</subfield>
    <subfield code="m">3</subfield>
    <subfield code="o">616.2 30 GOR</subfield>
    <subfield code="p">3886</subfield>
    <subfield code="r">2019-10-22</subfield>
    <subfield code="s">2019-10-17</subfield>
    <subfield code="t">Ej. 5</subfield>
    <subfield code="w">2017-08-10</subfield>
    <subfield code="y">BK</subfield>
    <subfield code="z">Donaci&#xF3;n Blas Cifuentes, Agosto 2017.</subfield>
  </datafield>
</record>
